000 00743nam a22002777a 4500
001 0036643
003 KOHA_MİRAKIL
005 20260207003012.0
007 ta
008 120430b2011 tu |||gr||||#||||0|tur |
020 _a9789756557198
040 _aTR-BiSEU
_btur
_cTR-BiSEU
_erda
041 0 _atur
044 _ctu
050 _aQA445
_b.W45 2011
100 1 _aWells, Dawid.
245 1 _aGeometrinin gizli dünyası /
_cDawid Wells ; Dawid Wells.
264 1 _aAnkara :
_bDoruk Yayınları
_c2011
300 _a368 s. ;
_c21 cm
336 _ametin
_btxt
_2rdacontent
337 _aaracısız
_bn
_2rdamedia
338 _acilt
_bnc
_2rdacarrier
650 0 _aGeometri.
_91520
650 0 _aGeometry.
_95564
942 _2lcc
_cBK
999 _c36534
_d36534